Science Quiz

Random Science Quiz
Score 0/18 Timer 04:00
0 Plays Today
Procedure Body Part % Correct
ColostomyColon
89.7%
RhinoplastyNose
88.4%
AppendectomyAppendix
88.4%
GastrectomyStomach
87.9%
SplenectomySpleen
79.5%
TracheotomyTrachea
76.3%
CranioplastySkull
72.3%
IridectomyEye (Iris)
71%
MastectomyBreasts
69.6%
Procedure Body Part % Correct
NephrectomyKidney
67%
HepatorrhaphyLiver
51.3%
GlossectomyTongue
50.9%
SeptoplastyNasal Septum
47.8%
TympanoplastyEardrum
46%
LobectomyLung
44.2%
UmbilicoplastyNavel
42.4%
TenolysisTendons
38.4%
VasectomyVas Deferens
36.2%
Come Together.
Have Fun.
All Virtual.
We all need to come together. Play Sporcle's virtual live trivia to have fun, connect with people, and get your trivia on. Join a live hosted trivia game for your favorite pub trivia experience done virtually. If a virtual private party is more your thing, go here for details.

You're not logged in!

Compare scores with friends on all Sporcle quizzes.
OR
Log In

Sporcle TV

Today on Sporcle TV


Watch our educational content, quiz creation guides, and fun videos on Sporcle TV.

Show Comments

Extras

Top Quizzes Today


Score Distribution

Paid Content

Your Account Isn't Verified!

In order to create a playlist on Sporcle, you need to verify the email address you used during registration. Go to your Sporcle Settings to finish the process.

Report this User

Report this user for behavior that violates our Community Guidelines.

Details: